|
|
|
|
| LEADER |
00000nam a22000007a 4500 |
| 005 |
20160111115830.0 |
| 007 |
cr|||| ||u| |
| 008 |
160111s2015 sp ||||| ||||a00||0|spa d |
| 020 |
|
|
|a 978-84-7088-930-1
|
| 035 |
|
|
|a 13007
|
| 040 |
|
|
|a vLex
|
| 090 |
|
|
|c 5778
|d 5778
|
| 100 |
1 |
|
|a Fernǹdez Scagliusi, Mara̕ de los ℓngeles
|
| 245 |
1 |
3 |
|a El dominio pb︢lico funcionalizado: la corriente de valorizacin̤
|h [Recurso electrn̤ico] /
|c Mara̕ de los ℓngeles Fernǹdez Scagliusi
|
| 256 |
|
|
|a Servicio en ln̕ea
|
| 260 |
|
|
|a Espaą
|b Instituto Nacional de Administracin̤ Pb︢lica (INAP)
|c 2015
|
| 300 |
|
|
|a 1 recurso electrn̤ico (Primera edicin̤: julio 2015 395 pg̀inas)
|
| 506 |
1 |
|
|a Contenido solo disponible en los productos indicados
|d vLex Global
|d vLex Global (Academic Edition, excluding Law Schools)
|d vLex Global (U.S. Academic Edition, Law Schools)
|d vLex Global (U.S. Academic Edition, excluding Law Schools)
|d vLex Global (Academic Edition, Law Schools)
|
| 650 |
0 |
4 |
|a Administracin̤ pb︢lica
|z Espaą
|
| 740 |
0 |
|
|a vLex libros (servicio en ln̕ea)
|
| 856 |
4 |
0 |
|u http://vlex.com/source/dominio-publico-funcionalizado-13007
|z Acceso restringido
|
| 942 |
|
|
|c BOOK
|
| 999 |
0 |
|
|a Public Administration
|